000 00589nam a22001937a 4500
005 20251108170457.0
008 250721s1997 xx 000 0 ara d
020 _a9770254614
082 1 4 _aط/ ق/ياس
100 1 _aلويس، آمال
_eTran.
245 1 0 _aياسمينة و الحمار الوفي /
264 1 _aالقاهرة :
_bدار المعارف،
_c[1997].
300 _a10ص.
490 0 _aمغامرات ياسمينة
650 1 7 _aالقصص العربية
653 _aأطفال مرحلة متوسطة (6-9 سنوات)
942 _2ddc
_cBK
999 _c41445
_d41445